Zahraniční investori budujú na strednom Slovensku niekoľko nových závodov

Zahraničné investície na strednom Slovensku. Košťany nad Turcom, v blízkosti Martina - americký koncern chce vybudovať fabriku na výrobu autopoťahov. Dánska firma založila dcérsku spoločnosť Ecco Slovakia, a.s. Martin a stavia haly na výrobu obuvi. V Sučanoch pri Martine sa dokončujú výrobné haly po...

Descrizione completa

Salvato in:
Dettagli Bibliografici
Autore principale: Hrúz, Juraj
Natura: Capitolo di libro
Lingua:slovacco
Soggetti:
Tags: Aggiungi Tag
Nessun Tag, puoi essere il primo ad aggiungerne!!

MARC

LEADER 00000naa a2200000 4500
001 r034773
005 20230921103205.6
041 0 |a slo 
044 |a SK 
245 1 0 |a Zahraniční investori budujú na strednom Slovensku niekoľko nových závodov  |c Juraj Hrúz 
520 |a Zahraničné investície na strednom Slovensku. Košťany nad Turcom, v blízkosti Martina - americký koncern chce vybudovať fabriku na výrobu autopoťahov. Dánska firma založila dcérsku spoločnosť Ecco Slovakia, a.s. Martin a stavia haly na výrobu obuvi. V Sučanoch pri Martine sa dokončujú výrobné haly podniku Auto, a.s. Martin. Závod bude vyrábať automobilové komponenty pre Volkswagen. Dánska firma plánuje v Krupine postaviť závod na výrobu nábytku. 
610 2 0 |a investície zahraničné 
610 2 0 |a investície zo zahraničia 
610 2 0 |a priemysel automobilový 
610 2 0 |a obuv 
610 2 0 |a výroba 
610 2 0 |a nábytok 
610 2 0 |a stredné Slovensko 
100 1 |a Hrúz, Juraj